Normal view
MARC view
- Angel ، Chris Reed John Angel
Entry Personal Name
001 - CONTROL NUMBER
- control field: 1686
003 - CONTROL NUMBER IDENTIFIER
- control field: JO-AjAnu
005 - DATE AND TIME OF LATEST TRANSACTION
- control field: 20230606070559.0
008 - FIXED-LENGTH DATA ELEMENTS
- fixed length control field: 230606|| aca||aabn | a|a d
040 ## - CATALOGING SOURCE
- Original cataloging agency: JO-AjAnu
- Transcribing agency: JO-AjAnu
100 ## - HEADING--PERSONAL NAME
- Personal name: Angel ، Chris Reed John Angel
670 ## - SOURCE DATA FOUND
- Source citation: Work cat.: (JO-AjAnu)885: Angel ، Chris Reed John Angel, author, Computer Law The Law and Regulation of Information Technology